Влияние термообработки на электрическую проводимость ионно-модифицированных слоев кристаллического кварца
| Korporativní autor: | |
|---|---|
| Další autoři: | , , , , |
| Shrnutí: | Деп. в ВИНИТИ 03.08.93, № 2214-В93 Исследовано влияние режимов термообработки на проводимость кварца, облученного ускоренными ионами. Установлено, что отжиг образцов в вакууме до 1300К не влияет на проводимость кварца, в то время как отжиг на воздухе приводит к восстановлению их диэлектрических свойств. Детально изучены кинетики изотермической релаксации наведенной ионным облучением проводимости кварца. Определена энергия активации отжигового процесса. Полученные результаты объяснены с позиций взаимодействия облученной поверхности кварца с окружающей средой при отжиге на воздухе. В фонде НТБ ТПУ отсутствует |
| Jazyk: | ruština |
| Vydáno: |
Томск, 1993
|
| Témata: | |
| Médium: | Kniha |
| KOHA link: | https://koha.lib.tpu.ru/cgi-bin/koha/opac-detail.pl?biblionumber=599786 |
MARC
| LEADER | 00000nam0a2200000 4500 | ||
|---|---|---|---|
| 001 | 599786 | ||
| 005 | 20231101132056.0 | ||
| 029 | 0 | 0 | |a RU |b 2214-В93 |f ВИНИТИ |
| 035 | |a (RuTPU)RU\TPU\tpu\23922 | ||
| 035 | |a RU\TPU\tpu\23921 | ||
| 090 | |a 599786 | ||
| 100 | |a 20131108j19930803k y0rusy50 ca | ||
| 101 | 0 | |a rus | |
| 102 | |a RU | ||
| 105 | |a y z 000zy | ||
| 200 | 1 | |a Влияние термообработки на электрическую проводимость ионно-модифицированных слоев кристаллического кварца |f В. Ф. Пичугин [и др.] |g Томский политехнический университет (ТПУ) | |
| 210 | |a Томск |d 1993 | ||
| 215 | |a 11 с. |c ил. | ||
| 300 | |a Деп. в ВИНИТИ 03.08.93, № 2214-В93 | ||
| 320 | |a Библиогр.: 7 назв. | ||
| 330 | |a Исследовано влияние режимов термообработки на проводимость кварца, облученного ускоренными ионами. Установлено, что отжиг образцов в вакууме до 1300К не влияет на проводимость кварца, в то время как отжиг на воздухе приводит к восстановлению их диэлектрических свойств. Детально изучены кинетики изотермической релаксации наведенной ионным облучением проводимости кварца. Определена энергия активации отжигового процесса. Полученные результаты объяснены с позиций взаимодействия облученной поверхности кварца с окружающей средой при отжиге на воздухе. | ||
| 333 | |a В фонде НТБ ТПУ отсутствует | ||
| 610 | 1 | |a труды учёных ТПУ | |
| 610 | 1 | |a депонированные рукописи | |
| 701 | 1 | |a Пичугин |b В. Ф. |c российский физик |c профессор Томского политехнического университета, доктор физико-математических наук |f 1944- |g Владимир Федорович |x TPU |2 stltpush |3 (RuTPU)RU\TPU\pers\25824 | |
| 701 | 1 | |a Франгульян |b Т. С. |c росиийскиё учёный в области электроники, диэлектриков и полупроводников |c ведущий научный сотрудник Томского политехнического университета |g Тамара Семёновна |2 stltpush |3 (RuTPU)RU\TPU\pers\26534 | |
| 701 | 1 | |a Тишкина |b В. А. | |
| 701 | 1 | |a Горностаев |b А. М. | |
| 701 | 1 | |a Возняк |b А. В. | |
| 712 | 0 | 2 | |a Томский политехнический университет (ТПУ) |c (1991-2009) |2 stltpush |3 (RuTPU)RU\TPU\col\376 |
| 801 | 1 | |a RU |b 63413507 |c 20120220 | |
| 801 | 2 | |a RU |b 63413507 |c 20131108 |g RCR | |
| 942 | |c BK | ||